01189nas a2200325 4500001001300000003000900013005001700022007000300039008003400042040005400076041000900130072001800139100002100157100001700178100002300195245012200218650001000340650002300350650002700373650001100400650001400411650001800425650003000443650001500473773014900488909004000637942001800677999001900695952014900714BR2018001903BR-BrBNA20231205131413.0ta230509b bl.|||p| |||| 00| 00por d aBR-BrBNAbporcBiblioteca Nacional de Agricultura a(Pt) aQ04; F01; J111 aBassinello, P.Z.1 aVanier, N.L.1 aPava, J.K.L. de la1 aQualidade de grãos de arroz: generalidades e particularidades que influenciam a aceitação do mercado consumidor aARROZ aPRÁTICA CULTURAL aCONDIÇÃO AMBIENTAL aGRÃO aQUALIDADE aARMAZENAMENTO aANÁLISE ORGANOLÉPTICA aCONSUMIDOR0 tInforme Agropecuário - Empresa de Pesquisa Agropecuária de Minas Gerais (Brazil)xISSN 0100-3364 g(2018), v. 39(301) p. 67-76wBR2018001903 a202311bLúciac55dLúcia Elande 2AGRISn0cANA c254619d254619 002AGRIS4071a41918b41918cPeriódicos Agrícolash(2018), v. 39(301) p. 67-76l0r2023-11-29t01yCRePortaria Interministerial nº 164/94